Los impresionistas y los creadores de la pintura moderna : Léger, Carrà, Braque, Severini /

Obra en 8 volúmenes de pintores modernos, abarca desde el impresionismo a finales del XIX y todo el siglo XX, cada tomo trata a 4 pintores.

Guardado en:
Bibliografiske detaljer
Andre forfattere: Lemaire, Gérard-Georges (autor) (autor)
Format: Bog
Sprog:spansk
Udgivet: Barcelona, España : Carroggio 2000, c2000
Serier:(Selección de Arte Carroggio)
Fag:
Tags: Tilføj Tag
Ingen Tags, Vær først til at tagge denne postø!

MARC

LEADER 00000nam^a2200000^a^4500
001 000122766
005 20250521000000.0
009 20260310094513.652
020 |a 84-7254-819-8 
037 |a Acervo ITESO - Biblioteca 
041 |a ESP 
082 |a 759. 06  |b IMP V. 4 
240 1 5 |a [Los impresionistas y los creadores de la pintura moderna] 
245 0 4 |a Los impresionistas y los creadores de la pintura moderna :  |b Léger, Carrà, Braque, Severini /  |c G.G. Lemaire... [et al.]. 
264 4 |a Barcelona, España :  |b Carroggio  |c 2000, c2000 
300 |a 267 p. 
336 |a texto  |b txt  |2 rdacontenido 
337 |a sin mediación  |b n  |2 rdamedio 
338 |a volumen  |b nc  |2 rdasoporte 
440 1 |a (Selección de Arte Carroggio) 
520 |a Obra en 8 volúmenes de pintores modernos, abarca desde el impresionismo a finales del XIX y todo el siglo XX, cada tomo trata a 4 pintores. 
649 |a XX 
650 |a Pintores Franceses 
650 |a Pintores Italianos 
650 |a Futurismo 
650 |a Impresionismo 
650 |a Cubismo 
650 |a Pintura Francesa 
650 |a Pintura Italiana 
650 |a Pintura Moderna 
650 |a Arte Francés 
650 |a Arte Italiano 
650 |a Arte Moderno 
650 |a Léger, Fernand 
650 |a Carrà, Carlo 
650 |a Braque, Georges 
650 |a Severini, Gino 
700 |a Lemaire, Gérard-Georges  |e (autor) 
910 |a Fondo General 
920 |a Impresos - Libros 
930 |a Reserva Especial 
905 |a 103 
901 |a 0500057111  |b IT1  |c REE  |u 20250521 
902 |a https://opac.biblio.iteso.mx/vufind/Record/000122766